01329nam a2200277 i 4500001001000000003000900010005001700019007000300036008004100039020001800080040002500098082002000123100005600143245016200199264010000361300004400461336002700505337003300532338002800565590002800593942001400621952013900635952012700774952013300901999001701034000048232DO-SdBNP20250613092457.0ta181207s2015 dr a r 000 0 spa d a9789945900439 aDO-SdBNPbspacBNPHU 4axxxxbM181p2221 aMadera Soriano, Luz Inmaculada,eautor4aut.97503013aEl plan nacional de alfabetización Quisqueya Aprende Contigo :buna política pública social en República Dominicana /cLuz Inmaculada Madera Soriano. 1aSanto Domingo :bCátedra Iberoamericana OEI Alfabetización y Educación de Adultos,c2015. a54 páginas :bilustraciones ;c28 cm. atextobtxt2rdacontent asin mediaciónbn2rdamedia avolumenbnc2rdacarrier aInventariado, 2019 / DG 2ddccLBS1 00102ddc56708DSaBNPHUbBNPHUcCTd2018-12-07l0oBNPHU DS M181pp48232-30r2020-06-25te. 3w2020-06-25yLBS1ZPréstamo en sala 00102ddc51708PDaBNPHUbBNPHUcCTd2018-12-07l0oBNPHU PD M181pp48232-10r2020-06-25w2020-06-25yLBS1ZNo se presta 00102ddc51708PDaBNPHUbBNPHUcCTd2018-12-07l0oBNPHU PD M181pp48232-20r2020-06-25te. 2w2020-06-25yLBS1ZNo se presta c47720d47720